1356 1392 1809 1194 1848 1811 1380 1841 1182 1730 1943 1426 1667 1434 1913 1186 1866 1239 1821 1831 1741 1812 1484 1827 1431 1176 1256 1489 1119 1227 1031 1300 1992 1572 1973 1482 1044 1834 1946 1194 1217 1752 1974 1397 1163 1124 1037 1092 1964 1842 1066 1650 1617 1640 1145 1941 1206 1836 1934 1272 1857 1292 1821 1924 1048 1721 1088 1227 1855 1267 1702 1362 1900 1087 1431 1930 1755 1182 1606 1359 1871 1770 1451 1664 1865 1305 1138 1474 1865 1872 1920 1584 1023 1250 1871 1284 1690 1700 1051 BCNSPRNW ULIB Ver.6.0+V

เปลี่ยนเป็นภาษาไทย

Change to English
 แสดงรายละเอียดบรรณานุกรม
  กลับหน้าหลัก

Brief Record : Get Marc (ISO 2709) : E-mail record : QR code < ปิดหน้าต่าง
LEADER : 00000nam 2200000uu 4500
001    13399111712
003     ULIB
008    110706s2549||||th 000 0 tha d
050 04 BQ4570^bอ679ด 2549
100 0  พระอาจารย์อำนาจ โอภาโส
245 10 ดุจวิถี..นายช่างร้อยดอกไม้ /^cพระอาจารย์อำนาจ โอภาโส
260    นนทบุรี :^bโรงพิมพ์สไมล์สยาม,^c2549
300    51 หน้า
650  7 ธรรมะ
650  7 ธรรมะกับชีวิต
945    ^p0^l0^i019312
995    ทศพร
999 ^a ใช้งานได้ทุกระบบ
รายการนี้ยังไม่มีแท็ก
คุณยังไม่ได้ล็อกอิน คุณสามารถมีกิจกรรมร่วมกับเว็บไซต์ได้ แต่ต้องล็อกอินก่อน ::
  ล็อกอิน

รายการสื่อสารสนเทศ

ลำดับที่ ประเภท เลขเรียก/บาร์โค้ด สถานที่ สถานะ
- ไม่พบข้อมูล -

รายการใกล้เคียง
    ผู้แต่ง [พระอาจารย์อำนาจ โอภาโส]

    หัวเรื่อง [ธรรมะ]
    หัวเรื่อง [ธรรมะกับชีวิต]

BibComment


ยังไม่เคยถูกคอมเมนท์

คอมเมนท์ทรัพยากรรายการนี้
  คอมเมนท์: ดุจวิถีนายช่างร้อ..


 Copyright 2026. Bcnsprnw @Library